[Event "1st China Chess King Competition 2024"]
[Site "Chengdu"]
[Date "2024.01.06"]
[Round "1.4"]
[White "Xu, Xiangyu"]
[Black "Zhao, Yuanhe"]
[Result "1-0"]
[WhiteElo "2623"]
[BlackElo "2449"]
[Annotator "TA"]
[PlyCount "147"]
[EventDate "2024.01.07"]
[EventType "k.o."]
[EventCountry "CHN"]
[SourceTitle "playchess.com"]
[Source "ChessBase"]
[SourceQuality "1"]

{[%evp 10,147,32,9,42,7,3,10,44,0,43,6,43,54,53,45,68,50,62,0,0,0,0,0,0,2,0,0,0,0,0,0,0,0,0,-64,-50,-75,-69,-59,-66,-51,-43,-62,-59,-55,-35,-38,-37,-353,-64,-56,-16,-16,-16,-16,11,11,11,-6,-6,-14,-10,-10,-9,-8,-10,-9,-8,-9,-9,-9,0,-13,-14,-18,-2,-2,0,-13,-3,-8,-13,-12,-8,-8,-7,-12,0,0,0,0,0,0,0,0,27,27,36,37,42,23,34,19,25,19,18,18,50,43,43,43,43,35,43,43,42,35,35,35,35,35,42,30,43,43,47,51,12829,12829,12830,12830,12831,0,12831,12830,12832,12831,1566,1566]} 1. d4 {[%emt 0:00:02]} d5 {[%emt 0:00:08]} 2. Bf4 {[%emt 0:00:04]} c6 {[%emt 0:00:18]} 3. Nd2 {[%emt 0:00:16]} Nf6 {[%emt 0:00:13]} 4. e3 {[%emt 0:00:06]} Qb6 {[%emt 0:00:52]} 5. Qc1 {[%emt 0:01:08]} Bf5 {[%emt 0:00:07]} 6. Ngf3 {[%emt 0:00:06]} h6 {[%emt 0:00:16] D02: 1 d4 d5 2 Nf3 sidelines, including 2...Nf6 3 g3 and 2...Nf6 3 Bf4.} 7. h3 {[%emt 0:01:12]} e6 {[%emt 0:00:09]} 8. c4 {[%emt 0:00:12]} Nbd7 {[%emt 0:00:18] The position is equal.} 9. Be2 {[%emt 0:00:30]} (9. c5 $5 {[%cal Rc5b6]} Qd8 10. a3 $14) 9... Be7 {[%emt 0:00:07]} 10. O-O {[%emt 0:00:10]} (10. c5 $5 {[%cal Rc5b6]} Qa5 11. a3 $14) 10... O-O {[%emt 0:00:16]} 11. c5 {[%emt 0:00:10]} Qd8 {[%emt 0:00:23]} 12. b4 {[%emt 0:00:08]} a6 {[%emt 0:00:39]} 13. a4 {[%emt 0:00:28]} Ne4 {[%emt 0:00:08] [#]} 14. b5 $146 {[%emt 0:01:31]} ({White should try} 14. Nxe4 $14 Bxe4 15. Qc3) ({Predecessor:} 14. Nb3 Bf6 15. Na5 Ra7 16. Qa3 Re8 17. Rac1 e5 18. dxe5 Nxe5 19. Nd4 Bd7 20. Rfd1 {0-1 Kondrak,C (2192)-Tabernig,B (2327) AUT-chT2W 1213 2012 (3.6)}) 14... axb5 $11 {[%emt 0:00:37]} 15. axb5 {[%emt 0:00:02]} Rxa1 {[%emt 0:00:07]} 16. Qxa1 {[%emt 0:00:03]} e5 {[%emt 0:00:06]} 17. Bxe5 {[%emt 0:01:45]} Nxe5 {[%emt 0:01:56]} 18. dxe5 {[%emt 0:00:03]} Nxd2 {[%emt 0:02:02]} 19. Nxd2 {[%emt 0:00:03]} Bxc5 {[%emt 0:00:03]} 20. Rc1 {[%emt 0:00:58]} Qb6 {[%emt 0:02:58][%cal Oc5e3] [#] Strongly threatening ...Bxe3!} 21. Qc3 {[%emt 0:05:43]} Be7 {[%emt 0:00:03]} 22. Nb3 {[%emt 0:00:09]} (22. bxc6 $11 Bb4 23. Qb3 bxc6 24. Nf3) 22... c5 $1 $15 {[%emt 0:00:43]} (22... cxb5 23. Qd4 Qg6 24. Rc7 Bxh3 25. Bf1 $11) 23. Qa5 {[%emt 0:00:21]} (23. Nxc5 $2 Rc8 24. Qd4 Rxc5 $19) 23... Qxa5 {[%emt 0:01:08]} 24. Nxa5 {[%emt 0:00:03]} c4 {[%emt 0:00:02] Hoping for ...Ba3.} 25. Nxb7 {[%emt 0:01:51]} Ba3 $1 {[%emt 0:00:10] Repels Nd6} 26. Ra1 {[%emt 0:00:05]} Bb2 {[%emt 0:00:28][%csl LRa1,LRe5]} 27. Ra7 {[%emt 0:00:15]} Bxe5 {[%emt 0:01:37]} 28. Na5 {[%emt 0:01:58]} c3 {[%emt 0:00:28]} 29. b6 $2 {[%emt 0:00:15][%mdl 8192]} (29. Nb3 $15) 29... c2 $2 {[%emt 0:00:46]} (29... d4 $19 30. exd4 c2) 30. Nb3 {[%emt 0:00:01]} Rc8 {[%emt 0:00:57]} (30... d4 $5 31. Ra5 (31. exd4 $2 Bxd4 32. g4 Be6 $19) 31... Rb8 32. Rxe5 Rxb6 $17) 31. Nc1 {[%emt 0:00:03]} Rc6 {[%emt 0:00:15]} 32. Ra6 {[%emt 0:00:08]} Bc8 {[%emt 0:01:43]} 33. Ra8 {[%emt 0:00:02]} Kh7 $1 {[%emt 0:00:03] [#] Threatens to win with ...Bf5.} 34. Bd3+ {[%emt 0:00:07]} (34. Bb5 $5 {[%cal Rb5c6]} Rc5 35. Bd3+ g6 36. Ra2 $11) 34... g6 {[%emt 0:00:02] Black wants to play ...Bb2.} 35. Ra2 {[%emt 0:00:19] Dodges Bb2} Rxb6 {[%emt 0:00:14]} 36. Rxc2 {[%emt 0:00:03]} Be6 {[%emt 0:00:01]} 37. Ne2 {[%emt 0:00:12]} Rb1+ {[%emt 0:00:42]} 38. Rc1 {[%emt 0:00:02]} Rb2 {[%emt 0:00:02]} 39. Rd1 {[%emt 0:00:04]} Kg7 {[%emt 0:00:10]} 40. Kf1 Ra2 {[%emt 0:00:12]} 41. Rc1 {[%emt 0:00:33]} Rd2 {[%emt 0:00:08]} 42. Bb5 {[%emt 0:00:12]} Rb2 {[%emt 0:00:05]} 43. Bc6 {[%emt 0:00:16]} Rb6 {[%emt 0:00:26]} 44. Ba4 {[%emt 0:00:24]} Rb4 {[%emt 0:00:02]} 45. Bc2 {[%emt 0:00:05]} Rb2 {[%emt 0:00:02]} 46. Ke1 $1 {[%emt 0:00:09]} h5 {[%emt 0:00:10]} 47. Kd1 {[%emt 0:00:09]} Ra2 {[%emt 0:00:23]} 48. Rb1 {[%emt 0:00:05]} Kg8 {[%emt 0:00:13]} 49. Nc1 {[%emt 0:00:14]} Ra5 {[%emt 0:00:12]} 50. Nd3 {[%emt 0:00:15]} Bd6 {[%emt 0:00:11]} 51. Kd2 {[%emt 0:00:08]} Bf5 {[%emt 0:00:09]} 52. Rb6 {[%emt 0:00:09]} Bxd3 {[%emt 0:00:10]} 53. Kxd3 $11 {[%emt 0:00:17][%mdl 4096] Endgame KRB-KRB} ({Reject} 53. Rxd6 Bxc2 54. Kxc2 (54. Rd8+ Kg7 $17) 54... Ra2+ 55. Kd3 Rxf2 $17) 53... Be5 54. Bb3 {[%emt 0:00:04]} Kg7 {[%emt 0:00:11]} 55. f4 {[%emt 0:00:16]} Bf6 {[%emt 0:00:09]} 56. Rb7 {[%emt 0:00:05]} g5 {[%emt 0:00:10]} 57. Rd7 {[%emt 0:00:19]} gxf4 {[%emt 0:00:09]} ({Much less strong is} 57... Ra3 58. Kc2 $16) 58. exf4 {[%emt 0:00:02]} Kf8 {[%emt 0:00:12]} ({Don't take} 58... Ra3 59. Kc2 $16) 59. Bxd5 {[%emt 0:00:12]} Be7 {[%emt 0:00:03]} 60. Ke4 {[%emt 0:00:12]} h4 {[%emt 0:00:01]} 61. Rb7 {[%emt 0:00:23]} Ra4+ {[%emt 0:00:09]} 62. Ke5 {[%emt 0:00:05]} Ra6 {[%emt 0:00:05]} 63. f5 {[%emt 0:00:16]} Bd6+ {[%emt 0:00:12]} 64. Ke4 {[%emt 0:00:06]} Be7 $1 {[%emt 0:00:04]} 65. Rc7 {[%emt 0:00:08]} Ra4+ {[%emt 0:00:07]} 66. Kf3 {[%emt 0:00:04][%cal Of5f6] Black must now prevent f6!} Ra3+ {[%emt 0:00:15]} 67. Kg4 {[%emt 0:00:17][%cal Of5f6] f6! would be deadly.} Rg3+ {[%emt 0:00:38]} 68. Kh5 {[%emt 0:00:02][%cal Of5f6] And now f6! would win.} Rg5+ $2 {[%mdl 8192]} (68... Rd3 $14 69. Bc4 Rd6) 69. Kh6 $1 $18 {[%emt 0:00:01] Intending Rc8+ and mate.} Rxf5 {[%emt 0:00:10]} 70. Rc8+ {[%emt 0:00:03]} Bd8 {[%emt 0:00:01]} 71. Rxd8+ {[%emt 0:00:02]} Ke7 {[%emt 0:00:01]} 72. Be4 $1 {[%emt 0:00:05] White is clearly winning.} Rf4 {[%emt 0:00:21]} 73. Rd4 {[%emt 0:00:02]} Kf6 {[%emt 0:00:19]} 74. Rc4 {[%emt 0:00:13] Never resign too early!   Weighted Error Value: White=0.19 (very precise) /Black=0.16 (very precise)} 1-0

[Event "1st China Chess King Competition 2024"]
[Site "Chengdu"]
[Date "2024.01.06"]
[Round "1.4"]
[White "Bai, Jinshi"]
[Black "Bu, Xiangzhi"]
[Result "1-0"]
[WhiteElo "2586"]
[BlackElo "2671"]
[Annotator "TA"]
[PlyCount "67"]
[EventDate "2024.01.07"]
[EventType "k.o."]
[EventCountry "CHN"]
[SourceTitle "playchess.com"]
[Source "ChessBase"]
[SourceQuality "1"]

{[%evp 12,67,26,4,5,16,0,0,10,0,56,56,59,70,59,69,74,60,68,35,58,41,72,62,73,55,185,175,176,179,217,243,261,252,257,232,210,184,342,334,333,295,327,330,316,316,599,610,800,332,322,306,303,309,699,677,2186,2066]} 1. c4 e5 {[%emt 0:00:01]} 2. g3 {[%emt 0:00:02]} Nc6 {[%emt 0:00:02]} 3. Bg2 f5 {[%emt 0:00:01]} 4. Nc3 {[%emt 0:00:03]} Nf6 5. Nf3 {[%emt 0:00:01]} g6 {[%emt 0:00:03]} 6. d4 {[%emt 0:00:02]} e4 7. Ng5 {[%emt 0:00:22][%cal Bf3g5,Bg5h3,Bh3f4][%mdl 32]} Bg7 $1 {[%emt 0:00:02] A27: English Opening: Three Knights Variation.} 8. O-O {[%emt 0:00:06]} h6 {[%emt 0:00:15]} 9. Nh3 {[%emt 0:00:01]} O-O {[%emt 0:00:01] The position is equal.} 10. f3 {[%emt 0:00:18] [#]} d5 $146 {[%emt 0:00:23]} (10... exf3 $11 11. exf3 Re8) ({Predecessor:} 10... exf3 11. Bxf3 g5 12. Bg2 d6 13. Qd3 Bd7 14. e3 Qe7 15. Bd2 Rae8 16. Nd5 Nxd5 17. cxd5 {0-1 Volkov,M (2163)-Bernadskiy,V (2629) Leon blitz op 33rd 2020 (3)}) 11. Nf4 $14 {[%emt 0:00:15][%csl LRd5,LRg6]} g5 {[%emt 0:01:24]} 12. cxd5 {[%emt 0:00:02]} (12. Nfxd5 Nxd5 13. Nxd5 exf3 14. exf3 Nxd4 $11) 12... gxf4 {[%emt 0:00:34]} 13. dxc6 fxg3 14. hxg3 {[%emt 0:00:06]} bxc6 {[%emt 0:00:05]} 15. Bf4 {[%emt 0:00:18]} Nh5 {[%emt 0:00:04] [#] ...Nxf4 would be deadly.} 16. e3 {[%cal Be2e3,Be3d4,Bd4d5][%mdl 32]} (16. fxe4 Nxf4 17. Rxf4 Bxd4+ 18. Kh2 Be5 19. Qxd8 Rxd8 20. exf5 Bxf4 21. gxf4 Bxf5 22. Bxc6 Rab8 $15) 16... c5 {[%emt 0:00:08]} 17. fxe4 {[%emt 0:00:18][%cal Bf3e4,Be4e5][%mdl 32]} Nxf4 {[%emt 0:00:01]} 18. gxf4 {[%emt 0:00:04]} (18. Rxf4 cxd4 19. exf5 dxc3 $11) 18... cxd4 {[%emt 0:00:02] [#] This costs Black the game.} (18... fxe4 $1 $14 19. dxc5 Rb8) 19. e5 $1 $18 {[%emt 0:00:01]} Rb8 {[%emt 0:00:03]} 20. Qxd4 {[%emt 0:00:17]} Qxd4 {[%emt 0:00:13]} 21. exd4 Rxb2 {[%emt 0:00:03]} 22. Rab1 {[%emt 0:00:06]} Rd2 {[%emt 0:00:05]} 23. Rfd1 {[%emt 0:00:05]} Rxd1+ {[%emt 0:00:02]} 24. Nxd1 {[%emt 0:00:09]} Ba6 $2 {[%emt 0:00:06]} (24... h5 25. Kf2 Rd8) 25. Ne3 {[%emt 0:00:06]} Rd8 {[%emt 0:00:02]} 26. d5 {[%emt 0:00:09]} (26. Nxf5 Bd3 27. Ne7+ Kf8 $18) 26... Bf8 {[%emt 0:00:01]} 27. Rc1 {Dodges Bc5} (27. Nxf5 Bd3 28. Rc1 Bxf5 $11) 27... Bb4 {[%emt 0:00:14] Strongly threatening ...Bd2.} 28. Nxf5 {[%emt 0:00:02]} ({Don't take} 28. Rxc7 Rc8 29. Rxa7 Bc5 30. Rxa6 Bxe3+ 31. Kf1 Bxf4 $18) 28... Bd2 $2 {[%emt 0:00:01]} (28... Bd3 {might work better.} 29. Nxh6+ Kg7) 29. Rxc7 {[%emt 0:00:11]} Bxf4 {[%emt 0:00:01]} 30. Rxa7 {[%emt 0:00:01]} (30. Ne7+ $142 Kf7 31. Nc6+ (31. Rxa7 $2 {too greedy.} Be3+ 32. Kh1 Bxa7 $19) 31... Ke8 32. Be4) 30... Bd3 {[%emt 0:00:01]} 31. Ne7+ {[%emt 0:00:14]} Kf8 {And now ...Be3+ would win.} 32. Nc6 {[%emt 0:00:09]} Re8 $2 {[%emt 0:00:05]} (32... Be3+ 33. Kh2 Bxa7) 33. Ra3 {[%emt 0:00:03]} Bb5 {[%emt 0:00:01]} 34. Rf3 {[%emt 0:00:03] Weighted Error Value: White=0.28 (precise) /Black=0.52} 1-0

[Event "1st China Chess King Competition 2024"]
[Site "Chengdu"]
[Date "2024.01.06"]
[Round "1.4"]
[White "Li, Di"]
[Black "Xue, Haowen"]
[Result "0-1"]
[WhiteElo "2563"]
[BlackElo "2452"]
[Annotator "TA"]
[PlyCount "72"]
[EventDate "2024.01.07"]
[EventType "k.o."]
[EventCountry "CHN"]
[SourceTitle "playchess.com"]
[Source "ChessBase"]
[SourceQuality "1"]

{[%evp 21,72,35,33,0,51,51,44,35,51,41,41,50,52,15,9,13,14,0,10,10,29,0,0,0,0,0,0,0,8,0,0,0,17,22,36,-27,-30,-91,-104,-90,-102,-155,-148,-152,-133,-254,-253,-233,-253,-253,-253,-245,-243]} 1. d4 Nf6 {[%emt 0:00:01]} 2. Nf3 e6 {[%emt 0:00:02]} 3. c4 {[%emt 0:00:01]} d5 {[%emt 0:00:01]} 4. Nc3 {[%emt 0:00:01]} Nbd7 {[%emt 0:00:03]} 5. cxd5 {[%emt 0:00:11]} exd5 {[%emt 0:00:02]} 6. Bf4 {[%emt 0:00:03]} c6 {[%emt 0:00:04]} 7. e3 {[%emt 0:00:08]} Be7 {[%emt 0:00:08]} 8. h3 {[%emt 0:00:05]} O-O {[%emt 0:00:05]} 9. Bd3 {[%emt 0:00:02]} Re8 {[%emt 0:00:02]} 10. O-O {[%emt 0:00:03]} Nf8 {[%emt 0:00:04]} 11. Qc2 {[%emt 0:00:25]} Ng6 {[%emt 0:00:36]} 12. Rfe1 {[%emt 0:00:15] D35: Queen's Gambit Declined: Exchange Variation.} Bd6 {[%emt 0:00:29]} (12... Nxf4 $11 13. exf4 Bd6) 13. Bxd6 $14 {[%emt 0:00:14]} Qxd6 {[%emt 0:00:01]} 14. a3 {[%emt 0:00:07] White is slightly better.} a5 {[%emt 0:00:06]} 15. Rac1 {[%emt 0:00:20]} Bd7 {[%emt 0:00:35]} 16. Na4 {[%emt 0:00:02] [#]} Ne4 $146 {[%emt 0:00:30]} ({Predecessor:} 16... b5 17. Nb6 Ra6 18. Nxd7 Nxd7 19. a4 Rb6 20. axb5 cxb5 21. Qc7 Qxc7 22. Rxc7 Nf6 {1-0 Gonzalez,B (2194)-Revilla,J (824) LSS OP-2009-0-00822}) 17. Nc5 {[%emt 0:00:02]} Nxc5 {[%emt 0:00:08]} 18. dxc5 {[%emt 0:00:05]} Qf6 {[%emt 0:00:05][%cal Od7h3]} 19. Qc3 {[%emt 0:00:03]} Ne5 {[%emt 0:00:08]} 20. Nxe5 {[%emt 0:00:20]} Rxe5 {[%emt 0:00:01]} (20... Qxe5 {simplifies} 21. Qxe5 Rxe5 22. Red1 Re7) 21. f4 {[%emt 0:00:30]} Re6 {[%emt 0:00:01]} 22. Qxf6 {[%emt 0:00:03]} Rxf6 {[%emt 0:00:01]} 23. g4 {[%emt 0:00:14]} g6 {[%emt 0:00:09][%cal Bg7g6,Bg6g5][%mdl 32]} 24. Kf2 {[%emt 0:00:07]} Re8 {[%emt 0:00:07]} 25. Kf3 {[%emt 0:00:13]} Kg7 {[%emt 0:00:06]} 26. Rcd1 {[%emt 0:00:04]} g5 {[%emt 0:00:02]} 27. f5 {[%emt 0:00:09][%cal Oh3h4]} h5 {[%cal Ob7b6]} 28. Rg1 {[%emt 0:00:03]} (28. gxh5 $2 Bxf5 29. Kg3 Bxd3 30. Rxd3 Kh6 $19) (28. e4 $14) 28... Rh6 $11 {[%emt 0:00:03]} 29. h4 {[%emt 0:00:03]} hxg4+ $17 {[%emt 0:00:03]} ({Resist} 29... gxh4 30. g5 Rhh8 31. Kf4 $16) 30. Rxg4 {[%emt 0:00:02]} Rxh4 {[%emt 0:00:01]} 31. Rxg5+ {[%emt 0:00:03]} (31. Rxh4 $142 gxh4 32. Kf4) 31... Kf6 {[%emt 0:00:01]} 32. Rdg1 {[%emt 0:00:01]} Re5 {[%emt 0:00:05][%cal Rd7f5] Black is more active.} 33. Rg8 {[%emt 0:00:03]} (33. R5g4 $17 Rh3+ 34. R4g3 Rxg3+ 35. Rxg3) 33... Bxf5 $19 {[%emt 0:00:03]} 34. Bxf5 {[%emt 0:00:02]} Rxf5+ ({Inferior is} 34... Kxf5 35. Rf1 Rh5 36. Ke2+ Ke6 37. Re8+ Kd7 38. Rxe5 Rxe5 39. Rxf7+ Re7 40. Rxe7+ Kxe7 41. b3 $11) 35. Ke2 {[%emt 0:00:02]} Rc4 {[%emt 0:00:02]} 36. Kd3 {[%emt 0:00:03]} Rxc5 {[%emt 0:00:02] Weighted Error Value: White=0.22 (precise) /Black=0.07 (flawless)} 0-1

[Event "1st China Chess King Competition 2024"]
[Site "Chengdu"]
[Date "2024.01.06"]
[Round "1.5"]
[White "Li, Di"]
[Black "Xue, Haowen"]
[Result "0-1"]
[WhiteElo "2563"]
[BlackElo "2452"]
[Annotator "TA"]
[PlyCount "168"]
[EventDate "2024.01.07"]
[EventType "k.o."]
[EventCountry "CHN"]
[SourceTitle "playchess.com"]
[Source "ChessBase"]
[SourceQuality "1"]

{[%evp 21,168,16,19,0,2,-21,-4,-86,-65,-95,-96,-63,-65,-98,-79,-72,8,-72,-12,-37,-37,-41,-22,-85,-40,-39,-22,-48,5,5,9,9,0,-47,-17,-29,-19,-25,-22,-19,-26,-25,-26,-28,532,-157,-125,-148,-56,-235,-235,-220,-227,-207,-81,-109,-51,-58,-47,-51,-12,-25,-25,-25,-25,-29,0,0,0,0,0,0,0,0,0,0,0,0,0,0,0,0,0,0,0,0,0,0,0,0,0,0,0,0,0,0,0,0,0,-29983,0,0,0,0,0,0,0,-8,0,0,0,0,0,0,0,0,0,0,0,0,0,0,0,0,0,0,0,0,0,0,0,0,0,0,0,-44,-36,-52,-24,-441,-441,-415,-398,-352,0,-344,0,-340,0]} 1. d4 Nf6 {[%emt 0:00:03]} 2. c4 e6 3. g3 d5 {[%emt 0:00:01]} 4. Bg2 dxc4 {[%emt 0:00:01]} 5. Nf3 {[%emt 0:00:02]} Bb4+ {[%emt 0:00:01]} 6. Bd2 {[%emt 0:00:02]} a5 {[%emt 0:00:01]} 7. O-O {[%emt 0:00:02]} O-O {[%emt 0:00:04]} 8. Nc3 {[%emt 0:00:12]} Nc6 {[%emt 0:00:05]} 9. a3 {[%emt 0:00:02]} Be7 {[%emt 0:00:01]} 10. Bg5 {[%emt 0:00:03]} Nd5 {[%emt 0:00:05]} 11. Bxe7 {[%emt 0:00:08]} Qxe7 {[%emt 0:00:01]} 12. Qc2 {[%emt 0:00:04]} Rd8 {[%emt 0:00:05]} 13. Rfd1 {[%emt 0:00:02]} Bd7 {[%emt 0:00:05]} 14. Ne4 {[%emt 0:00:03]} (14. e3 $11) 14... b5 $1 $17 {[%emt 0:00:06]} ({Don't play} 14... f5 $6 15. Nc5 $11) 15. b3 {[%emt 0:00:04]} cxb3 $1 {[%emt 0:00:02]} 16. Qxb3 a4 {[%emt 0:00:09]} 17. Qb2 {[%emt 0:00:13]} b4 {[%emt 0:00:08]} 18. Nc5 {[%emt 0:00:15]} Rdb8 ({Black should try} 18... b3 $1 $17) 19. Rdc1 {[%emt 0:00:14]} (19. axb4 $11 {keeps the balance.} Rxb4 20. Qc1) 19... Be8 {[%emt 0:00:05]} (19... b3 $17) 20. e4 {[%emt 0:00:04]} bxa3 {[%emt 0:00:11]} 21. Qxa3 {[%emt 0:00:04]} Nb6 {[%emt 0:00:01]} 22. Rc2 {[%emt 0:00:08]} (22. Bf1 $11) 22... Rd8 {[%emt 0:00:03]} 23. Qc3 {[%emt 0:00:08]} Na5 {[%emt 0:00:12]} 24. Rb1 {[%emt 0:00:14] [#]} Nb3 {[%emt 0:00:09]} (24... Rdb8 $1 $15) 25. Nxb3 $11 {[%emt 0:00:02]} axb3 {[%emt 0:00:01]} 26. Rcc1 {[%emt 0:00:08]} ({Of course not} 26. Qxb3 Ba4 27. Qd3 Bxc2 28. Qxc2 Ra3 $17) 26... Ba4 {[%emt 0:00:04]} 27. Ne5 {[%emt 0:00:10]} (27. Nd2 $11) 27... Rac8 {[%emt 0:00:13]} 28. Nd3 {[%emt 0:00:04]} Qd6 {[%emt 0:00:05]} 29. Nc5 {[%emt 0:00:37]} Qxd4 {[%emt 0:00:04]} 30. Nxa4 {[%emt 0:00:18]} Qxa4 {[%emt 0:00:09]} 31. Rxb3 {[%emt 0:00:03]} h6 {[%emt 0:00:02]} 32. h4 {[%emt 0:00:03]} Nd7 $2 {[%emt 0:00:17][%mdl 8192]} (32... Rd6 $11 {and Black is okay.}) 33. g4 $2 {[%emt 0:00:03]} ({White must play} 33. Ra1 $18 Qxa1+ 34. Qxa1) 33... Nf8 {[%emt 0:00:03]} 34. g5 {[%emt 0:00:02]} h5 {[%emt 0:00:08]} (34... hxg5 $17 35. hxg5 c5) 35. Rb4 $2 {[%emt 0:00:06]} (35. Bf3 $15) 35... Rd1+ $19 {[%emt 0:00:06]} 36. Rxd1 {[%emt 0:00:02]} Qxd1+ 37. Kh2 Qg4 {[%emt 0:00:08]} (37... c5 $19 38. Rb2 Ng6) 38. Qg3 {[%emt 0:00:01] [#]} Qxg3+ {[%emt 0:00:02]} (38... Qe2 $1 $17 {And now ...c5 would win.} 39. Bf3 Qd2) 39. Kxg3 $15 c5 {[%emt 0:00:03]} 40. Rc4 {[%emt 0:00:02]} e5 {[%emt 0:00:05]} 41. Bh3 {[%emt 0:00:06]} Rc7 42. Bf5 {[%emt 0:00:03]} g6 43. Bh3 Ne6 44. Bxe6 fxe6 {[%emt 0:00:02]} 45. f4 exf4+ {[%emt 0:00:07]} 46. Kxf4 Kf7 {[%emt 0:00:04]} 47. Ke5 {[%emt 0:00:01]} Ke7 48. Rc3 c4 {[%emt 0:00:02]} 49. Kd4 Rd7+ {[%emt 0:00:07]} 50. Ke5 {[%emt 0:00:04]} Rc7 51. Kd4 Rd7+ 52. Kxc4 {[%emt 0:00:02]} Rc7+ {[%emt 0:00:06]} 53. Kd3 {[%emt 0:00:02]} Rxc3+ {[%emt 0:00:01]} 54. Kxc3 Kd6 {[%emt 0:00:01]} 55. Kc4 {[%emt 0:00:08]} (55. Kd4 $5) 55... Ke5 56. Kd3 Kf4 {[%emt 0:00:08]} 57. Kd4 Kg4 (57... Kg3 $5 58. Ke5 $8 Kxh4 $11) 58. Ke5 Kxh4 59. Kxe6 {[%emt 0:00:01]} Kxg5 60. Kf7 $2 {[%mdl 8192]} (60. e5 $11) 60... h4 $2 {[%emt 0:00:02]} (60... Kf4 {mates} 61. Kf6 Kxe4 62. Kg5 Kf3 63. Kh4 Kf4 64. Kh3 g5 65. Kh2 g4 66. Kg1 h4 67. Kh2 h3 68. Kh1 g3 69. Kg1 g2 70. Kf2 Ke4 71. Ke2 g1=Q 72. Kd2 Qc5 73. Ke1 h2 74. Kd2 h1=Q 75. Ke2 Qe3#) 61. e5 $11 h3 62. e6 h2 63. e7 h1=Q {[%emt 0:00:03]} (63... h1=R 64. e8=Q (64. e8=B Rf1+ 65. Kg7 Rf6 $19) 64... Rh4 65. Qe5+ Kg4 66. Qe4+ Kg5 67. Qd5+ Kf4 68. Qd4+ Kg3 69. Qe3+ Kg4 70. Kxg6) 64. e8=Q Qb7+ 65. Kg8 {[%emt 0:00:01]} Qd5+ 66. Kf8 {[%emt 0:00:01]} Qd6+ {[%emt 0:00:01]} 67. Kf7 {[%emt 0:00:01]} Qf6+ {[%emt 0:00:02]} (67... Kf4 $5 {[%cal Rg6g5]} 68. Qe2 Kg5 $11) 68. Kg8 Qf5 69. Qe3+ {[%emt 0:00:01]} Qf4 70. Qc5+ {[%emt 0:00:02]} Kg4 {[%emt 0:00:02]} 71. Kg7 {[%emt 0:00:02]} g5 72. Kg6 {[%emt 0:00:02]} Qe4+ {[%emt 0:00:01]} 73. Kf6 {[%emt 0:00:01]} Qf3+ {[%emt 0:00:02]} 74. Kg6 Qd3+ {[%emt 0:00:01]} 75. Kh6 Qh3+ {[%emt 0:00:03]} 76. Kg7 {[%emt 0:00:01]} Qf3 {[%emt 0:00:04]} 77. Kg6 {[%emt 0:00:04]} Qe4+ {[%emt 0:00:01]} 78. Kh6 {[%emt 0:00:02]} Qe6+ {[%emt 0:00:02]} 79. Kg7 Kh5 $1 {[%emt 0:00:02]} 80. Qc2 $2 {[%emt 0:00:07][%mdl 8192]} (80. Kh7 $11) 80... Qe7+ {[%emt 0:00:03]} 81. Kg8 {[%emt 0:00:02]} Qe8+ {[%emt 0:00:02]} 82. Kg7 Qe7+ 83. Kg8 Qe8+ {[%emt 0:00:01]} 84. Kg7 Qe7+ $2 {[%emt 0:00:01]} (84... Qe5+ $19 85. Kf7 g4) 0-1